NFS illustrated
Αποθηκεύτηκε σε:
| Κύριος συγγραφέας: | |
|---|---|
| Μορφή: | Βιβλίο |
| Γλώσσα: | English |
| Δημοσίευση: |
Reading, Mass. :
Addison-Wesley,
c2000
|
| Σειρά: | Addison-Wesley professional computing series
|
| Θέματα: | |
| Ετικέτες: |
Προσθήκη ετικέτας
Δεν υπάρχουν, Καταχωρήστε ετικέτα πρώτοι!
|
MARC
| LEADER | 00000nam a2200000 i 4500 | ||
|---|---|---|---|
| 001 | 1/19026 | ||
| 008 | 010328s2000 eng d | ||
| 020 | |a 0-201-32570-5 | ||
| 035 | |l 10066703 | ||
| 040 | |a GR-MY-UA |b gre |e aacr | ||
| 041 | 0 | |a eng | |
| 082 | 0 | |a 004.62 | |
| 100 | 1 | |a Callaghan, Brent. | |
| 245 | 1 | 0 | |a NFS illustrated / |c Brent Callaghan |
| 260 | |a Reading, Mass. : |b Addison-Wesley, |c c2000 | ||
| 300 | |a xix, 513 p.; |b ill.; |c 25 cm. | ||
| 490 | 1 | |a Addison-Wesley professional computing series | |
| 504 | |a Includes bibliographical references and index | ||
| 650 | 0 | 0 | |a Network File System (Computer network protocol) |
| 830 | 0 | |a Addison-Wesley professional computing series | |
| 852 | |a INST |b SAMOS |e 20010328 |h 004.62 CAL |p 005300021486 |q 005300021486 |t BK |y 23 | ||
| 852 | |a INST |b SAMOS |e 20010328 |h 004.62 CAL |p 005300021487 |q 005300021487 |t BK |y 0 | ||
| 852 | |a INST |b SAMOS |e 20010328 |h 004.62 CAL |p 005300021488 |q 005300021488 |t BK |y 0 | ||
| 901 | |a BIBL3-2001-1 | ||
| 909 | |a Σ |b 085943 | ||
| 909 | |a Σ |b 085942 | ||
| 909 | |a Σ |b 085941 | ||
| 922 | |a 3ΕΛΗ |b 200008 |c ΤΠΕΣ/ΠΟΛ2 |d LEADER | ||
| 970 | |a ΠΟΥΡΝΑΡΑΣ |b ΔΗΜΗΤΡΗΣ |z 2001/03/27 | ||